<?xml version="1.0" encoding="UTF-8"?>
<record
    xmlns:xsi="http://www.w3.org/2001/XMLSchema-instance"
    xsi:schemaLocation="http://www.loc.gov/MARC21/slim http://www.loc.gov/standards/marcxml/schema/MARC21slim.xsd"
    xmlns="http://www.loc.gov/MARC21/slim">

  <leader>00671nam a22001577a 4500</leader>
  <controlfield tag="003">OSt</controlfield>
  <controlfield tag="005">20151108135638.0</controlfield>
  <controlfield tag="008">151108b        xxu||||| |||| 00| 0 eng d</controlfield>
  <datafield tag="040" ind1=" " ind2=" ">
    <subfield code="c">RUA</subfield>
  </datafield>
  <datafield tag="082" ind1=" " ind2=" ">
    <subfield code="a">FOR VUN 2004 B129 Or.1</subfield>
  </datafield>
  <datafield tag="100" ind1=" " ind2=" ">
    <subfield code="9">3478</subfield>
    <subfield code="a">VUNG, PHLEK.</subfield>
  </datafield>
  <datafield tag="245" ind1=" " ind2=" ">
    <subfield code="a">Effectiveness of charcoal production using karve kiln in leaybo commune tramkak district takeo province, &#x1794;&#x17D2;&#x179A;&#x179F;&#x17B7;&#x1791;&#x17D2;&#x1792;&#x1797;&#x17B6;&#x1796;&#x1793;&#x17C3;&#x1780;&#x17B6;&#x179A;&#x1795;&#x179B;&#x17B7;&#x178F;&#x1792;&#x17D2;&#x1799;&#x17BC;&#x1784;&#x178A;&#x17C4;&#x1799;&#x17A1;&#x1780;&#x17B6;&#x179C;&#x17C9;&#x17C1; &#x1793;&#x17C5;&#x1783;&#x17BB;&#x17C6;&#x179B;&#x17B6;&#x1799;&#x1794;&#x17BC;&#x17AC; &#x179F;&#x17D2;&#x179A;&#x17BB;&#x1780;&#x178F;&#x17D2;&#x179A;&#x17B6;&#x17C6;&#x1780;&#x1780;&#x17CB; &#x1781;&#x17C1;&#x178F;&#x17D2;&#x178F;&#x178F;&#x17B6;&#x1780;&#x17C2;&#x179C;</subfield>
  </datafield>
  <datafield tag="260" ind1=" " ind2=" ">
    <subfield code="a">Phnom Penh</subfield>
    <subfield code="b">RUA</subfield>
    <subfield code="c">2004</subfield>
  </datafield>
  <datafield tag="300" ind1=" " ind2=" ">
    <subfield code="a">42p.</subfield>
    <subfield code="b">ill.</subfield>
    <subfield code="c">29cm.</subfield>
  </datafield>
  <datafield tag="942" ind1=" " ind2=" ">
    <subfield code="2">ddc</subfield>
    <subfield code="c">FOR</subfield>
  </datafield>
  <datafield tag="999" ind1=" " ind2=" ">
    <subfield code="c">3244</subfield>
    <subfield code="d">3244</subfield>
  </datafield>
  <datafield tag="952" ind1=" " ind2=" ">
    <subfield code="0">0</subfield>
    <subfield code="1">0</subfield>
    <subfield code="2">ddc</subfield>
    <subfield code="4">0</subfield>
    <subfield code="6">FOR_VUN_2004_000000000000000_B129_OR_1</subfield>
    <subfield code="7">0</subfield>
    <subfield code="9">15211</subfield>
    <subfield code="a">LBB</subfield>
    <subfield code="b">LBB</subfield>
    <subfield code="c">B129</subfield>
    <subfield code="d">2015-11-08</subfield>
    <subfield code="o">FOR VUN 2004 B129 Or.1</subfield>
    <subfield code="p">RUA036950</subfield>
    <subfield code="r">2015-11-08</subfield>
    <subfield code="w">2015-11-08</subfield>
    <subfield code="y">FOR</subfield>
  </datafield>
  <datafield tag="952" ind1=" " ind2=" ">
    <subfield code="0">0</subfield>
    <subfield code="1">0</subfield>
    <subfield code="2">ddc</subfield>
    <subfield code="4">0</subfield>
    <subfield code="6">FOR_VUN_2004_000000000000000_B129_OR_2</subfield>
    <subfield code="7">0</subfield>
    <subfield code="9">15212</subfield>
    <subfield code="a">LBB</subfield>
    <subfield code="b">LBB</subfield>
    <subfield code="c">B129</subfield>
    <subfield code="d">2015-11-08</subfield>
    <subfield code="o">FOR VUN 2004 B129 Or.2</subfield>
    <subfield code="p">RUA037770</subfield>
    <subfield code="r">2015-11-08</subfield>
    <subfield code="w">2015-11-08</subfield>
    <subfield code="y">FOR</subfield>
  </datafield>
  <datafield tag="952" ind1=" " ind2=" ">
    <subfield code="0">0</subfield>
    <subfield code="1">0</subfield>
    <subfield code="2">ddc</subfield>
    <subfield code="4">0</subfield>
    <subfield code="6">FOR_VUN_2004_000000000000000_B129_OR_3</subfield>
    <subfield code="7">0</subfield>
    <subfield code="9">15213</subfield>
    <subfield code="a">LBB</subfield>
    <subfield code="b">LBB</subfield>
    <subfield code="c">B129</subfield>
    <subfield code="d">2015-11-08</subfield>
    <subfield code="o">FOR VUN 2004 B129 Or.3</subfield>
    <subfield code="p">RUA035366</subfield>
    <subfield code="r">2015-11-08</subfield>
    <subfield code="w">2015-11-08</subfield>
    <subfield code="y">FOR</subfield>
  </datafield>
  <datafield tag="952" ind1=" " ind2=" ">
    <subfield code="0">0</subfield>
    <subfield code="1">0</subfield>
    <subfield code="2">ddc</subfield>
    <subfield code="4">0</subfield>
    <subfield code="6">FOR_VUN_2004_000000000000000_B129_OR_4</subfield>
    <subfield code="7">0</subfield>
    <subfield code="9">15214</subfield>
    <subfield code="a">LBB</subfield>
    <subfield code="b">LBB</subfield>
    <subfield code="c">B129</subfield>
    <subfield code="d">2015-11-08</subfield>
    <subfield code="o">FOR VUN 2004 B129 Or.4</subfield>
    <subfield code="p">RUA035198</subfield>
    <subfield code="r">2015-11-08</subfield>
    <subfield code="w">2015-11-08</subfield>
    <subfield code="y">FOR</subfield>
  </datafield>
  <datafield tag="952" ind1=" " ind2=" ">
    <subfield code="0">0</subfield>
    <subfield code="1">0</subfield>
    <subfield code="2">ddc</subfield>
    <subfield code="4">0</subfield>
    <subfield code="6">FOR_VUN_2004_000000000000000_B129_OR_5</subfield>
    <subfield code="7">0</subfield>
    <subfield code="9">15215</subfield>
    <subfield code="a">LBB</subfield>
    <subfield code="b">LBB</subfield>
    <subfield code="c">B129</subfield>
    <subfield code="d">2015-11-08</subfield>
    <subfield code="o">FOR VUN 2004 B129 Or.5</subfield>
    <subfield code="p">RUA035140</subfield>
    <subfield code="r">2015-11-08</subfield>
    <subfield code="w">2015-11-08</subfield>
    <subfield code="y">FOR</subfield>
  </datafield>
</record>
